000 00218nam a2200097Ia 4500
008 240331s9999 xx 000 0 und d
082 _bCAT
100 _aCarter, C
245 3 _aAn English-Sinhalese dictionary
942 _cL
999 _c3277
_d3277